Plant Systematics (Record no. 15474)

MARC details
000 -LEADER
fixed length control field 00371nam a22001577a 4500
003 - CONTROL NUMBER IDENTIFIER
control field OSt
005 - DATE AND TIME OF LATEST TRANSACTION
control field 20211028105933.0
008 - FIXED-LENGTH DATA ELEMENTS--GENERAL INFORMATION
fixed length control field 211028b |||||||| |||| 00| 0 eng d
020 ## - INTERNATIONAL STANDARD BOOK NUMBER
International Standard Book Number 9780123743800
040 ## - CATALOGING SOURCE
Transcribing agency HU
082 ## - DEWEY DECIMAL CLASSIFICATION NUMBER
Classification number 580.1'2`
100 ## - MAIN ENTRY--PERSONAL NAME
Personal name SIMPSON MICHAEL G.
9 (RLIN) 16001
245 ## - TITLE STATEMENT
Title Plant Systematics
300 ## - PHYSICAL DESCRIPTION
Extent xii,740 index
Other physical details hc
Dimensions 28
942 ## - ADDED ENTRY ELEMENTS (KOHA)
Source of classification or shelving scheme Dewey Decimal Classification
Koha item type Books like text book referance book
Suppress in OPAC No
Holdings
Withdrawn status Lost status Source of classification or shelving scheme Damaged status Not for loan Collection code Home library Current library Shelving location Date acquired Full call number Barcode Date last seen Copy number Price effective from Koha item type Total Checkouts
    Dewey Decimal Classification     Reference Wondo Genet Library Wondo Genet Library General Stacks 10/28/2021 580.1'2 SIM 2010 WGCFNRL00006232 10/28/2021 1 10/28/2021 Books like text book referance book  
    Dewey Decimal Classification     Reference Wondo Genet Library Wondo Genet Library General Stacks 10/28/2021 580.1'2 SIM 2010 WGCFNRL00006233 10/28/2021 2 10/28/2021 Books like text book referance book  
    Dewey Decimal Classification     Non-fiction Wondo Genet Library Wondo Genet Library General Stacks 10/28/2021 580.1'2 SIM 2010 WGCFNRL00006041 10/28/2021 3 10/28/2021 Books like text book referance book  
    Dewey Decimal Classification     Reference Wondo Genet Library Wondo Genet Library General Stacks 03/25/2022 580.12 SIM 2010 WGCFNRL00013819 03/25/2022 4 03/25/2022 Books like text book referance book